MARC

LEADER 00000nam0a2200000 4500
001 52451
005 20231031041626.0
035 |a (RuTPU)RU\TPU\book\54959 
090 |a 52451 
100 |a 20030530d1968 km y0rusy50 ca 
101 0 |a rus 
102 |a RU 
105 |a a z 001zy 
200 1 |a Тиристоры  |f Ю. Н. Королев 
210 |a Москва  |c Знание  |d 1968 
215 |a 64 с.  |c ил. 
320 |a Библиогр.: с. 64 
610 1 |a тиристоры 
610 1 |a характеристики 
610 1 |a параметры 
610 1 |a схемы 
675 |a 621.314.6  |v 3 
700 1 |a Королев  |b Ю. Н.  |g Юрий Николаевич 
801 1 |a RU  |b 63413507  |c 20030530  |g PSBO 
801 2 |a RU  |b 63413507  |c 20220919  |g PSBO 
942 |c BK